Представление документа в формате MARC21

ПолеНазваниеЗначение
  Тип записи a
  Библиографический уровень m
001 Контрольный номер BIBLIOCLUB\0000277039
005 Дата корректировки 20230117154106.1
006 m o d
007 Элементы данных для физической характеристики c|||||||||||||
008 Кодируемые данные s2014 rus o rus d
020 Индекс ISBN __
a ISBN 978-5-9988-0231-7
041 Код языка издания 0_
a Код языка текста rus
084 Индекс другой классификации/Индекс ББК __
a Индекс другой классификации/Индекс ББК 67.407.1я73
b Номер единицы LBC/PL
2 Источник индекса rubbk
100 Автор 1_
a Автор Зильберштейн А. А.
245 Заглавие 10
a Заглавие Земельное право: шпаргалка
b Продолж. заглавия учебное пособие
c Ответственность А. А. Зильберштейн
260 Выходные данные __
a Место издания Москва
b Издательство РГ-Пресс
c Дата издания 2014
300 Физическое описание __
a Объем 130 с.
653 Ключевые слова 1_
a Ключевые слова Учебник для высшей школы
856 Электронный адрес документа 40
3 Область применения данных поля Университетская библиотека ONLINE
u URL https://biblioclub.ru/index.php?page=book&id=277039
952 Тип литературы __
c Вид литературы учебное пособие